| 000 | 00917 a2200169 4500 | ||
|---|---|---|---|
| 003 | NUST | ||
| 005 | 20221205162240.0 | ||
| 040 | _cNust | ||
| 082 | _a150.947,PRE | ||
| 100 |
_aO'connor,Neil _937564 |
||
| 245 |
_aPresent- Day Russian psychology : _bA symposium by seven author / _cEditor by Neil O' Connor |
||
| 260 |
_aIslamabad _bNational Book Foundation Isl _c1965 |
||
| 300 | _axv,198 p .: | ||
| 505 | _aAttention Consciousness and Voluntary Control of Behavior in Society Psychology : Philosophical Roots and Research Branches (Page-1), Psychotherapy in the Soviet union (Page-39), Some Statistical and Cybernetic Models in Recent Soviet Psychology (Page-63), Abnormal Psychology in the U.S.S.R. (Page-92), Soviet Psycholinguistics (Page-109), Studies on the Mental Development of the Child (Page-152), Contemporary soviet Psychology (Page-178). | ||
| 650 |
_aPsycholoy _9104162 |
||
| 942 |
_2ddc _cBK _k150.947,PRE |
||
| 999 |
_c176886 _d176886 |
||